01003nam a2200241 a 450000100060000000300080000600500170001400800410003103500190007204000270009104100080011808200290012610000510015524502500020626000400045630000360049649000410053250400410057365000340061470000390064870000330068783000410072072724BD-RjUL20211209082313.0170522s1963 maua b 001 0 eng d a(BD-RjUL)72942 aDLCcDLCdBD-RjULbeng aeng00223a582.130978bCRA 19631 aCraighead, John J.q(John Johnson),d1916-201612aA field guide to Rocky Mountain wildflowers :bfrom northern Arizona and New Mexico to British Columbia /cby John J. Craighead, Frank C. Craighead, [and] Ray J. Davis. Color plates by the authors. Drawings by Grant O. Hagen and Eduardo Salgado. aBoston :bHoughton Mifflin,cc1963. axxxvi, 277 p. :bill. ;c19 cm.0 aThe Peterson field guide series,v14 aIncludes bibliographies and indexes. 0aWild flowerszRocky Mountains a Craighead, Frank C.qjoint author aDavis, Ray J. qjoint author aThe Peterson field guide series,v14